| 000 | 00396nam a22001457a 4500 | ||
|---|---|---|---|
| 082 |
_a526.9 _bSCH _cL-16, P-48. |
||
| 100 |
_aSchmidt, Milton. O _939601 |
||
| 245 |
_aFundamentals of Surveying _cSchmidt, Milton. O |
||
| 250 | _a2nd | ||
| 260 |
_aNew York _bD. Van Nostrand _c1978 |
||
| 300 |
_a450. p : _c31 |
||
| 526 |
_a0 _b0 _c0 _d526_900000000000000_SCH |
||
| 650 |
_aMCE _9379 |
||
| 942 |
_2ddc _cBK |
||
| 999 |
_c544063 _d544063 |
||